Dorland diccionario enciclopédico ilustrado de medicina (Registro nro. 13111)

Detalles MARC
000 -Cabecera
Campo de control interno 00492nam a2200181Ia 4500
005 - Fecha y hora del registro
control field 20260306163029.0
008 - Elementos de Longitud Fija
fixed length control field 260306t2000||||xx |||||||||||||| ||spa||
041 ## - Idioma
Codigo Idioma ESP
082 ## - DEWEY y NOTACIÓN INTERNA
Dewey RE 610.03
Notación Interna D92
100 ## - AUTOR
Autor denominación William Alexander Newmand [1864-1956]
Término de relación autor
245 #0 - TÍTULO DE MATERIAL BIBLIOGRÁFICO
Título Dorland diccionario enciclopédico ilustrado de medicina
260 ## - CIUDAD, EDITORIAL, AÑO
Año 2000
300 ## - DESCRIPCIÓN
N° Páginas VIII : X-XXXI :1,178 páginas :
Dimensiones 28 cm.
650 ## - TEMAS
Temas Generalidades
654 ## - PROGRAMAS
Programa Dpto. de Psicología
942 ## - ELEMENTOS DE KOHA
Tipo de documento Diccionario
Nombre del creador Justo Noguera
Código de catalogador Justo Noguera
Esquema de clasificación Dewey Decimal Classification
Suppress in OPAC
Existencias
Codigo completo Registro Colección Copia número Disponibilidad Tipo de préstamo Biblioteca Actual Procedencia (Biblioteca) Ubicacón Fecha Ingreso Tipo de Adquisición Date last seen Total checkouts Price effective from Tipo de Item Estado del Material Fuente de Clasificación Damaged status Withdrawn status
RE 610.03 D92 1003618 Universidad Católica San Pablo 1 Disponible Disponible Víctor Andrés Belaunde Víctor Andrés Belaunde Planta baja abierta 03/06/2026 Compra 06/03/2026   06/03/2026 Diccionario Bueno Dewey Decimal Classification